Normal view
MARC view
- TELECOMMUNICATIONS TECHNOLOGIES.ADSL.DWDM
Entry Topical Term
001 - CONTROL NUMBER
- control field: 60901
003 - CONTROL NUMBER IDENTIFIER
- control field: NUST
005 - DATE AND TIME OF LATEST TRANSACTION
- control field: 20210628202640.0
008 - FIXED-LENGTH DATA ELEMENTS
- fixed length control field: 210628|| aca||aabn | a|a d
040 ## - CATALOGING SOURCE
- Original cataloging agency: NUST
- Transcribing agency: NUST
150 ## - HEADING--TOPICAL TERM
- Topical term or geographic name entry element: TELECOMMUNICATIONS TECHNOLOGIES.ADSL.DWDM
670 ## - SOURCE DATA FOUND
- Source citation: Work cat.: (NUST): Cole, Marion 60900, Introduction to telecommunications voice, data and the internet, 2002
